banner-ar

Revolution graffiti : (Record no. 60728)

MARC details
000 -الفاتح
حقل البيانات ثابتة الطول 00903cam a2200277 a 4500
005 - وقت وتاريخ اخر تعامل مع التسجيلة
رقم الضبط 20240530110425.0
008 - عناصر البيانات ثابتة الطول - معلومات عامة
حقل البيانات ثابتة الطول 130723s2012 ua ac f 000 0 eng d
010 ## -
-- 2013427014
020 ## - الرقم الدولى المعيارى للكتب
الرقم الدولى المعيارى للكتاب 9774165764
020 ## - الرقم الدولى المعيارى للكتب
الرقم الدولى المعيارى للكتاب 9789774165764
040 ## - مصدر الفهرسة
وكالة الفهرسة الأصلية EG-CaGPL
وكالة النسخ EG-CaGPL
042 ## -
-- lccopycat
082 ## - رقم تصنيف ديوى العشرى
رقم الطبعة 21
رقم التصنيف 962.081
رقم المادة CC/G R
100 1# - المدخل الرئيسى - إسم شخصى
الإسم الشخصى Gröndahl , Mia.
245 10 - بيان العنوان
العنوان Revolution graffiti :
بقية العنوان street art of the new Egypt /
بيان المسئوليه,etc Mia Gröndahl
260 ## - PUBLICATION, DISTRIBUTION, ETC. (IMPRINT)
تاريخ النشر أو التوزيع 2012.
300 ## - الوصف المادى
التعداد xiii, 193 p. :
تفاصيل ماديه اخرى للوعاء ill. ;
أبعاد الوعاء 22 x 25 cm.
650 #0 - المدخل الاضافى بالموضوع-مصطلح موضوعى
مصطلح موضوعي Graffiti
التقسيم الفرعي الجغرافي Egypt
التقسيم الفرعي الشكلي Pictorial works.
650 #0 - المدخل الاضافى بالموضوع-مصطلح موضوعى
مصطلح موضوعي Street art
التقسيم الفرعي الجغرافي Egypt
التقسيم الفرعي الشكلي Pictorial works.
650 #0 - المدخل الاضافى بالموضوع-مصطلح موضوعى
مصطلح موضوعي Revolutions
التقسيم الفرعي الجغرافي Egypt
التقسيم الفرعي الزمني 21st century.
651 #0 - المدخل الاضافى بالموضوع - اسم جغرافى
الاسم الجغرافي Egypt
التقسيم الفرعي العام History
التقسيم الفرعي الزمني Protests, 2011-
942 ## - عناصر المدخل الإضافي( كوها)
مصدر التصنيف او مخطط الترفيف Dewey Decimal Classification
Koha [default] item type كتاب
260 ## - PUBLICATION, DISTRIBUTION, ETC. (IMPRINT)
-- Cairo :
-- American University in Cairo Press,
Holdings
حالة التراجع حالة الفقد مصدر التصنيف او خطة الترفيف حالة تلف ليس للاعارة المكان المؤقت الموقع الحالى تاريخ الاكتساب اجمالي اﻻعارات رقم الطلب الباركود تاريخ اخر مشاهدة تاريخ تفعيل السعر نوع وعاء كوها
    ddc     مكتبة القاهرة الكبرى مكتبة القاهرة الكبرى 03/22/2015   962.081 CC/G R 159836 03/22/2015 03/22/2015 كتاب

Powered By

EGPV